|
|
|
|
| LEADER |
00704nam a2200157Ia 4500 |
| 008 |
111205s1993 ii 000 0 mal d |
| 041 |
|
|
|a mal
|
| 082 |
|
|
|a 294
|
| 100 |
0 |
|
|a സുഗതകുമാരി,
|9 1579912
|d 1934-
|
| 245 |
|
|
|a ഭാരതീയ പൈതൃകം /
|c സുഗതകുമാരി
|
| 246 |
|
|
|a Bharathiya Paithrekam
|
| 260 |
|
|
|b കേരള ഭാഷാ ഇൻസ്റ്റിറ്റ്യൂട്ട് ,
|a തിരുവനന്തപുരം :
|c 1993.
|
| 300 |
|
|
|a 227pages.
|
| 942 |
|
|
|c BK
|
| 999 |
|
|
|c 223155
|d 223155
|
| 952 |
|
|
|0 0
|1 0
|2 ddc
|4 0
|6 294_000000000000000_BHA
|7 0
|9 246402
|a MAL
|b MAL
|c ST1
|d 1972-09-18
|g 24.00
|l 1
|o 294 BHA
|p MAL23232
|r 2016-01-27
|s 2016-01-23
|v 24.00
|w 2011-12-05
|y BK
|